00971nam a2200169 a 450000100100000000500170001000800410002704000250006808200160009311000770010924502970018626000670048330000350055059000260058595201730061199900170078400003054120200930062352.0110523s1937 dr c r 000 | spa d aDO-SdBNPbspacBNPHU axxxxbR426d1 aRepública Dominicana.bPresidente (1930-1938 : Trujillo Molina)95716110aDeclaraciones del generalísimo Dr. Rafael Leónidas Trujillo Molina, Presidente de la República, benefactor de la patria dirigidas a la nación el domingo 28 de marzo del 1937, desde San Cristóbal, residencia temporal del Poder Ejecutivo, por las estaciones de radio HIX, HI1X y HI2X. aCiudad Trujillo, República Dominicana :bLa Nación,c1937. a15 p. :bil., retrs. ;c23 cm. aInventariado, 2018/LP 001050718RVaPDbPDcHDd2011-05-23iLF1l0oxxxx R426dp30541-10r2020-06-25w2020-06-25y1zPerteneció a la biblioteca personal de Martínez Boog.ZNo se presta c30033d30033